| 000 | 01003cam a2200349Ia 4500 | ||
|---|---|---|---|
| 001 | 79544 | ||
| 005 | 20230410130823.0 | ||
| 008 | 911203s1980 it b 000 0 ita d | ||
| 035 | _a(OCoLC)ocm24883984 | ||
| 040 |
_aZQP _cZQP _dOCLCQ _dOCLCG |
||
| 020 | _a8806069993 | ||
| 020 | _a9788806069995 | ||
| 029 | 1 |
_aAU@ _b000013909518 |
|
| 029 | 1 |
_aAU@ _b000044144581 |
|
| 029 | 1 |
_aZWZ _b022346465 |
|
| 035 | _a(OCoLC)24883984 | ||
| 049 | _aGRAL | ||
| 050 | 1 | 4 |
_aPQ 4627 _bM297m 1980 |
| 082 | 0 | 0 | _a852.3 |
| 100 | 1 |
_aMaquiavelo, Nicolás, _d1469-1527. |
|
| 245 | 1 | 0 |
_aMandragola / _cNiccoláo Machiavelli ; a cura di Guido Davico Bonino. |
| 260 |
_aTorino : _bG. Einaudi, _cc1980. |
||
| 300 |
_axxvii, 81 p. ; _c18 cm. |
||
| 490 | 0 |
_aCollezione di teatro ; _v33 |
|
| 504 | _aIncludes bibliographical references. | ||
| 650 | 4 | _aComedia italiana. | |
| 700 | 1 |
_aMachiavelli, Niccolo, _d1469-1527. |
|
| 700 | 1 | _aDavico Bonino, Guido. | |
| 942 |
_2lcc _cbk |
||
| 994 |
_aC0 _bDRFGD |
||
| 946 | _ash | ||
| 999 |
_c81008 _d81008 |
||